00733nam a2200181 a 450000100100000000500170001000800410002704000250006810000310009324501000012425000110022426000670023530000210030250000740032350400320039795201050042999900170053400003305720200930070012.0090826s1961 dr 000 0 spa d aDO-SdBNPbspacBNPHU1 aFont Bernard, R. A.91707813aLa República Dominicana en la Organización Internacional del Trabajo /cR. A. Font Bernard. a2a ed. aCiudad Trujillo, República Dominicana :bArte y Cine,c1961. a267 p. ;c23 cm. aIncluye referencias bibliográficas y notas al pie de las páginas. aBibliografía : p. 266-267 0010718PDaPDbPDcCTd2011-08-08iLF1l0o p33057-10r2020-06-25w2020-06-25yLFPDZNo se presta c32548d32548